Quiz littéraire 1 - Statistiques

Statistiques générales
  • Ce quiz a été pris 104 fois
  • Le résultat moyen est 8 sur 15
Statistiques - réponses
Question Réponse % Correct
Quelle est la figure de style dans la phrase suivante : "Le vent hurlait, poussait des cris stridents et parfois murmurait entre les branches." Personnification
90%
A quel siècle appartient George Sand? XIXe
90%
[QUESTION BONUS] Comment s'appelle le groupe de poètes français du XVIe siècle composé notamment de Ronsard et du Bellay? La Pléiade
80%
Qui dans cette liste n'a jamais été dramaturge? Proust
80%
Quelle est l'œuvre littéraire française la plus vendue parmi cette liste? Le Petit Prince d’Antoine de Saint-Exupéry
70%
Laquelle de ces œuvres n'est pas de Balzac? Le Philtre
70%
Lequel de ces auteurs n'a jamais obtenu le prix Nobel de Littérature? Marcel Proust
60%
Quelle est la date de parution de La Princesse de Clèves? 1678
50%
Lequel de ces auteurs n'a jamais été surréaliste? Jean Giono
50%
Comment se nomme la grande œuvre de Chateaubriand comprenant les récits Atala et René? le Génie du christianisme
50%
Quelle est la date de parution des Misérables? 1862
40%
Quelle est la figure de style dans la phrase suivante : "Un roi chantait en bas, en haut mourait un dieu" Chiasme
40%
Quelle autrice a écrit Les Mandarins? Simone de Beauvoir
30%
Quel dramaturge a écrit cette phrase: « Tout le plaisir de l’amour est dans le changement. » Molière
20%
Quel auteur a écrit ces vers ? : "A quatre heures du matin, l’été, Le sommeil d’amour dure encore. Sous les bosquets l’aube évapore L’odeur du soir fêté." Rimbaud
20%
Aucun quiz correspondant
Distribution des résultats
% des personnes avec chaque résultat
Percentile par nombre de réponses
Votre historique - résultats
Vous n’avez pas pris ce quiz